000 00798cam a22002291 4500
008
020 _a92-9158-001-5 (pbk)
049 _aMAIN
090 _aTJ265
_bUNE
100 1 _aUNESCO AFRICA REGIONAL PROJECT on Development of Learning Materials in Engineering Education (DELTMEE)l
245 1 0 _aPrinciples of engineering thermodynamics /
_cF. O. Akuffo... [et al.]
260 _aNairobi.
_bUnited Nations Educational, Scientific and Cultural Organisation,
_c1997.
300 _aix, 284 p. :
_bill. ;
_c22 cm.
650 0 _aThermodynamics.
700 _aAkuffo, F.O.
740 0 _aEngineering thermodynamics.
907 _a.b10197990
_b05-08-13
_c06-04-06
003
005 20230123134204.0
040 _cNUST
942 _cBOOKS
_kTJ265
_mUNE
999 _c161594
_d161594